• 首页
  • 本馆介绍
  • 公告通知
  • 最新文献
  • 馆藏检索
  • 电子资源
  • 读者导购
  • 参考咨询
  • 我的图书馆
  • 登录
  • 详细信息显示
  • 放入我的书架
  • 预约/预借图书
  • 作者相关作品
  • 分类相关作品
  • 丛书相关作品
  • 出版社相关作品

书目信息

  • 表格格式
  • 工作单格式
  • 卡片格式
书名: Using information technology
作者: Brian K. Williams, Stacey C. Sawyer.
分册号:
分册名:
出版地: Boston :
 
出版社: McGraw-Hill/Irwin
出版时间: c2003.
页数: xxix, 482 p. :
开本: 28 cm.
丛书名:
中图分类号:
科图分类号:
其他分类号: TN913.24
主题词:
电子资源: http://www.loc.gov/catdir/toc/mh021/2002100742.html      http://www.loc.gov/catdir/description/mh022/2002100742.html     
000 01485cam a2200337 a 450
001 E0753979078
005 20070316150645.10
008 020115s2003 maua b 001 0 eng
010    @a2002100742
020    @a0071151052 (international ed.).
020    @a0072485558 (acid-free paper).
040    @aDLC@cDLC@dDLC
050 00 @aQA76.5@b.W5332 2003
082 00 @a004@2 22
090    @aTN913.24
099    @dTN913.24@ex9=5
100 1  @aWilliams, Brian K.,@d1938-
245 10 @aUsing information technology :@ba practical introduction to computers & communications : complete version / @cBrian K. Williams, Stacey C. Sawyer.
250    @a5th ed.
260    @aBoston :@bMcGraw-Hill/Irwin,@cc2003.
300    @axxix, 482 p. :@bcol. ill. ;@c28 cm.
504    @aIncludes bibliographical references (p. 467-474) and index.
650  0 @aTelecommunication systems.
650  0 @aComputers.
650  0 @aInformation technology.
700 1  @aSawyer, Stacey C.
856 41 @3 Table of contents@uhttp://www.loc.gov/catdir/toc/mh021/2002100742.html
856 42 @3 Publisher description@uhttp://www.loc.gov/catdir/description/mh022/2002100742.html
906    @a7@bcbc@corignew@d3@eepcn@f20@gy-gencatlg
925 0  @aacquire@b1 shelf copy@xpolicy default
955    @apc20 2002-01-15;@apv14 2002-03-21 to ASCD@ajf00 2002-04-02@ajf00 2002-04-02@ajf00 2002-04-03;@cjf17 2003-12-17;@ajf03 rev. 2003-12-17 to Subj.@djf09 2003-12-22 to sl@ejf12 2004-01-14 to Dewey@aaa24 2004-01-28
    
    Using information technology : : a practical introduction to computers & communications : complete version / / Brian K. Williams, Stacey C. Sawyer.-5th ed.-Boston : : McGraw-Hill/Irwin, , c2003.
    xxix, 482 p. : : col. ill. ; ; 28 cm.
    Includes bibliographical references (p. 467-474) and index.
    
    ISBN 0071151052 (international ed.).
    
●
相关链接 在E读中查询图书 在五车中查询图书 在当当中查询图书 在豆瓣中查询图书


正题名:Using information technology     索取号:TN913.24/x9=5         预约/预借

序号 登录号 条形码 馆藏地/架位号 状态 备注
1 0002114   300021143   第二样本阅览室/ [索取号:TN913.24/x9=5] 在馆    
2 0002115   300021152   第四借阅区/ [索取号:TN913.24/x9=5] 在馆    
3 0002116   300021161   第四借阅区/ [索取号:TN913.24/x9=5] 在馆    
唐山师范学院图书馆 欢迎您!
大连网信软件有限公司© 版权所有